000 00613nam a22002057a 4500
005 20251108164358.0
008 250721s1993 xx 000 0 ara d
082 1 4 _a720.2402854/أوت
100 1 _aمصطفى، عماد
_eترجمة و إعداد
245 1 0 _aتمارين محلوله /
246 1 1 _aAutocad
264 1 _aبيروت :
_bشعاع للنشر و التوزيع،
_c1993.
300 _a229ص
650 1 7 _aالرسم الهندسي
650 1 7 _aالحواسيب
650 1 7 _aالرسم بمساعدة الحاسوب
650 1 7 _aأوتوكاد
942 _2ddc
_cBK
999 _c10726
_d10726